| 000 | 00599nam a2200181Ia 4500 | ||
|---|---|---|---|
| 003 | OSt | ||
| 005 | 20240423143925.0 | ||
| 008 | 210210b1944 xxu||||| |||| 00| 0 eng d | ||
| 040 | _cAL | ||
| 041 | _aKannada | ||
| 082 | _a856/252 | ||
| 100 |
_aVENKATADESHIKACHAR (S) ವೆಂಕಟದೇಶಿಕಾಚಾರ್ ಎಸ್ _9162133 |
||
| 245 |
_aChinara itihasa mattu nagarikate _bಚೀನರ ಇತಿಹಾಸ ಮತ್ತು ನಾಗರಿಕತೆ |
||
| 260 |
_aMaisuru _bMaisuru Vishvavidyanilaya _c1944 |
||
| 690 |
_aKannada Miscellaneous _9162134 |
||
| 906 | _a020488 | ||
| 942 |
_2ddc _cBK |
||
| 999 |
_c144636 _d144636 |
||